000 01031cam a2200253 a 4500
999 _c2501
_d2501
001 (Sirsi) a780794
003 OSt
005 20230621092648.0
008 130627s2013 enka b 000 1 eng d
020 _a9781405260329 (pbk.) :
040 _aAU@
_beng
_cAU@
_dNz
_dTAE
_dKH8
042 _anbic
082 0 _a823.92 SMI
100 1 _aSmith, James,
_d1975-
_eauthor
245 1 0 _aI am still not a loser /
_cBarry Loser, commas put in [i.e. written] by Jim Smith.
260 _aLondon :
_bJelly Pie,
_c2013.
300 _a238 p. :
_bill. ;
_c19 cm.
520 _aBarry has a new problem: Gordon Smugly - who's got the most perfect name for himself ever in the history of having a name, because he looks like a Gordon and has stolen Barry's best friend. This book lets you join Barry as he attempts to get Bunky back, organises a girly-screamvo.
521 1 _a7-11.
650 0 _aLoser, Barry (Fictitious character)
_vJuvenile fiction.
650 0 _aSchools
_vJuvenile fiction.
655 0 _aHumorous stories.
942 _2ddc
_cFIC